Statistics for Dan "Sexbang" Avidan Discography

Click here to take the quiz!

General Stats

  • This quiz has been taken 4 times
  • The average score is 10 of 13

Answer Stats

BandYearAlbum% Correct
Starbomb2013Starbomb
100%
Starbomb2014Player Select
100%
Starbomb2019The TryForce
100%
The Northern Hues2004The Northern Hues EP
75%
The Northern Hues2005World Cafe Live 2005
75%
Ninja Sex Party2013Strawberries and Cream
75%
Ninja Sex Party2016Under the Covers
75%
Ninja Sex Party2017Under the Covers, Vol. II
75%
Ninja Sex Party2018Cool Patrol
75%
Ninja Sex Party2019Under the Covers, Vol. III
75%
Skyhill2007Run With The Hunted
50%
Ninja Sex Party2011NSFW
50%
Ninja Sex Party2015Attitude City
50%

Score Distribution

Percentile by Number Answered

Percent of People with Each Score

Your Score History

You have not taken this quiz